Wiedza ogólna - zaznaczanie pól - Statystyki

Ogólne statystyki
  • Ten quiz został rozwiązany 4 659 razy
    4 657 od ostatniego zresetowania
  • Średni wynik to 54 z 72
Statystyki odpowiedzi
Zagadnienie Komórka Select % Poprawnych
pierwiastki Tablicy Mendelejewa Złoto Tak
98%
pierwiastki Tablicy Mendelejewa Azot Tak
97%
pierwiastki Tablicy Mendelejewa Bor Tak
92%
miasta w Europie Gdańsk Tak
91%
odległości mniejsze, niż metr Gigametr Nie
91%
pierwiastki Tablicy Mendelejewa Granit Nie
91%
odległości mniejsze, niż metr Kilometr Nie
91%
odległości mniejsze, niż metr Centymetr Tak
90%
miasta w Europie Paryż Tak
90%
odległości mniejsze, niż metr Hektometr Nie
89%
odległości mniejsze, niż metr Mikrometr Tak
89%
miasta w Europie Ryga Tak
89%
miasta w Europie Annaba Nie
88%
miasta w Europie Duszanbe Nie
88%
miasta w Europie Hue Nie
88%
państwa, których stolica jest na literę B Ukraina Nie
88%
państwa, których stolica jest na literę B Kanada Nie
87%
miasta w Europie Tabriz Nie
87%
odległości mniejsze, niż metr Terametr Nie
87%
miasta w Europie Asmara Nie
86%
pierwiastki Tablicy Mendelejewa Stal Nie
86%
pierwiastki Tablicy Mendelejewa Cyna Tak
85%
pierwiastki Tablicy Mendelejewa Chlorek Nie
84%
liczby pierwsze 14 Nie
83%
francuskie słowa Haus Nie
83%
państwa, których stolica jest na literę B Kuba Nie
83%
pierwiastki Tablicy Mendelejewa Mosiądz Nie
83%
francuskie słowa Namaste Nie
83%
francuskie słowa Pequeño Nie
83%
liczby pierwsze 7 Tak
82%
odległości mniejsze, niż metr Nanometr Tak
82%
miasta w Europie Recife Nie
82%
odległości mniejsze, niż metr Decymetr Tak
81%
liczby pierwsze 27 Nie
80%
liczby pierwsze 65 Nie
80%
francuskie słowa Brot Nie
79%
miasta w Europie Odessa Tak
79%
francuskie słowa Jour Tak
78%
państwa, których stolica jest na literę B Libia Nie
78%
liczby pierwsze 121 Nie
77%
państwa, których stolica jest na literę B Argentyna Tak
77%
francuskie słowa Gato Nie
77%
odległości mniejsze, niż metr Zettametr Nie
77%
liczby pierwsze 0 Nie
76%
liczby pierwsze 9 Nie
76%
francuskie słowa Adieu Tak
75%
francuskie słowa Estudiar Nie
75%
państwa, których stolica jest na literę B Wenezuela Nie
75%
pierwiastki Tablicy Mendelejewa Kanad Nie
74%
liczby pierwsze 19 Tak
73%
pierwiastki Tablicy Mendelejewa Kwarc Nie
73%
liczby pierwsze 37 Tak
72%
liczby pierwsze 2 Tak
71%
pierwiastki Tablicy Mendelejewa Krypton Tak
70%
państwa, których stolica jest na literę B Tadżykistan Nie
70%
francuskie słowa Femme Tak
69%
pierwiastki Tablicy Mendelejewa Itr Tak
69%
państwa, których stolica jest na literę B Tajlandia Tak
69%
francuskie słowa Rouge Tak
67%
liczby pierwsze 103 Tak
66%
odległości mniejsze, niż metr Pikometr Tak
65%
francuskie słowa Garçon Tak
58%
miasta w Europie Aberdeen Tak
54%
liczby pierwsze 89 Tak
52%
państwa, których stolica jest na literę B Liban Tak
52%
miasta w Europie Bari Tak
49%
państwa, których stolica jest na literę B Belize Tak
44%
państwa, których stolica jest na literę B Brunei Tak
44%
francuskie słowa Chien Tak
33%
państwa, których stolica jest na literę B Mali Tak
33%
odległości mniejsze, niż metr Femtometr Tak
23%
odległości mniejsze, niż metr Zeptometr Tak
20%
Nie znaleziono quizów pasujących do podanych kryteriów
Rozkład punktacji
Procent ludzi z każdym wynikiem
Percentyl według liczby udzielonych odpowiedzi
Twoja historia wyników
Nie rozwiązałeś tego quizu od ostatniego zresetowania